[Event "Preinscritos IRT Online"]
[Site "Chess.com INT"]
[Date "2020.12.26"]
[Round "2"]
[White "Angamarca Angamarca, Edison Fernando"]
[Black "Valeri Quintero, Shiva Alejandr"]
[Result "1-0"]
[WhiteElo "2011"]
[BlackElo "1684"]
[PlyCount "213"]
[EventDate "2020.12.26"]
[EventType "swiss"]
[EventRounds "11"]
[EventCountry "ECU"]
[SourceTitle "CBM 200 Extra"]
[Source "ChessBase"]
[SourceDate "2021.03.31"]
[SourceVersion "1"]
[SourceVersionDate "2021.03.31"]
[SourceQuality "1"]

1. e4 e6 2. Qe2 g6 3. g3 Bg7 4. Bg2 Ne7 5. Nf3 0-0 6. d3 c6 7. 0-0 d5 8. c3 Re8 9. Bg5 h6 10. Bd2 Kh7 11. Na3 Nd7 12. Nc2 a5 13. h4 Qc7 14. Rab1 b5 15. Rfe1 Ba6 16. Nh2 Nf6 17. e5 Nd7 18. Bf4 c5 19. Ng4 Rab8 20. Nf6+ Kh8 21. Nxe8 Rxe8 22. d4 Qb6 23. Qe3 Nf5 24. Qd2 cxd4 25. cxd4 Kh7 26. Rbc1 b4 27. Bh3 Rg8 28. Bxf5 gxf5 29. Ne3 a4 30. Qc2 Rc8 31. Qd2 Rg8 32. Rc2 b3 33. axb3 axb3 34. Rc3 Qb4 35. Rec1 Nb6 36. Kh2 Nc4 37. Nxc4 Bxc4 38. Qe3 Bf8 39. Rg1 Qb6 40. f3 Rg6 41. g4 Bb4 42. Rcc1 fxg4 43. Rxg4 Bf8 44. Rcg1 Qa5 45. Rxg6 fxg6 46. Rg2 Qa1 47. Bg3 Bf1 48. Rf2 Bc4 49. Qf4 Kg7 50. Qf6+ Kg8 51. Qxg6+ Bg7 52. Rg2 Bf1 53. Rg1 Qxb2+ 54. Kh1 Be2 55. Bf2 Bxf3+ 56. Kh2 Qxf2+ 57. Kh3 Bg2+ 58. Rxg2 Qf3+ 59. Kh2 Qf4+ 60. Rg3 Qf2+ 61. Kh1 Qf1+ 62. Kh2 Qf2+ 63. Rg2 Qf4+ 64. Kg1 Qe3+ 65. Kf1 Qf3+ 66. Kg1 Qe3+ 67. Rf2 Qe1+ 68. Kg2 Qe4+ 69. Qxe4 dxe4 70. Rb2 Kf7 71. Rxb3 h5 72. Re3 Bh6 73. Rxe4 Ke7 74. Kf3 Kd7 75. Re1 Kc6 76. Ke4 Bd2 77. Rg1 Kd7 78. Rg6 Be1 79. d5 exd5+ 80. Kxd5 Bxh4 81. Rh6 Bg3 82. Rxh5 Ke7 83. Rh7+ Ke8 84. Ke6 Kf8 85. Rh8+ Kg7 86. Rh1 Bf2 87. Rf1 Bd4 88. Kd5 Bc3 89. e6 Bb4 90. Kc6 Kg6 91. Kd7 Kg7 92. e7 Bxe7 93. Kxe7 Kg6 94. Rf8 Kg5 95. Ke6 Kg4 96. Ke5 Kg3 97. Ke4 Kg2 98. Ke3 Kg3 99. Rg8+ Kh4 100. Kf3 Kh5 101. Kf4 Kh6 102. Kf5 Kh7 103. Rg1 Kh6 104. Rg2 Kh7 105. Kf6 Kh8 106. Kf7 Kh7 107. Rh2# 1-0

[Event "Preinscritos IRT Online"]
[Site "Chess.com INT"]
[Date "2020.12.26"]
[Round "5"]
[White "Correa Luzuriaga, Cesar Eduardo"]
[Black "Valeri Quintero, Shiva Alejandr"]
[Result "1-0"]
[WhiteElo "1364"]
[BlackElo "1684"]
[PlyCount "65"]
[EventDate "2020.12.26"]
[EventType "swiss"]
[EventRounds "11"]
[EventCountry "ECU"]
[SourceTitle "CBM 200 Extra"]
[Source "ChessBase"]
[SourceDate "2021.03.31"]
[SourceVersion "1"]
[SourceVersionDate "2021.03.31"]
[SourceQuality "1"]

1. e4 e6 2. d4 d5 3. exd5 exd5 4. Nc3 c6 5. Nf3 Bd6 6. Be3 Ne7 7. Bd3 Bf5 8. Bg5 f6 9. Bh4 0-0 10. Qd2 b5 11. 0-0-0 Qa5 12. Kb1 Qb6 13. h3 a5 14. g4 Bxd3 15. Qxd3 Ng6 16. Bg3 Bxg3 17. fxg3 a4 18. h4 b4 19. Ne2 Nd7 20. h5 Ne7 21. g5 Rab8 22. h6 g6 23. gxf6 Nxf6 24. Ne5 b3 25. cxb3 axb3 26. a3 Qc7 27. Nf4 Qd6 28. Nfxg6 Rfe8 29. Rdf1 Ne4 30. Nf4 Nf5 31. g4 Nxh6 32. Qh3 Kg7 33. Nh5+ 1-0

[Event "Preinscritos IRT Online"]
[Site "Chess.com INT"]
[Date "2020.12.26"]
[Round "9"]
[White "Valeri Quintero, Shiva Alejandr"]
[Black "Flores Medina, Alexander Hiroki"]
[Result "1-0"]
[WhiteElo "1684"]
[BlackElo "1451"]
[PlyCount "111"]
[EventDate "2020.12.26"]
[EventType "swiss"]
[EventRounds "11"]
[EventCountry "ECU"]
[SourceTitle "CBM 200 Extra"]
[Source "ChessBase"]
[SourceDate "2021.03.31"]
[SourceVersion "1"]
[SourceVersionDate "2021.03.31"]
[SourceQuality "1"]

1. d4 Nf6 2. Bf4 d5 3. Nf3 e6 4. e3 Bd6 5. Bg3 0-0 6. Nbd2 b6 7. c3 Bb7 8. Bd3 c5 9. Ne5 Nbd7 10. 0-0 c4 11. Bc2 Ne4 12. Bxe4 dxe4 13. Nxf7 Rxf7 14. Bxd6 Nf6 15. Bg3 Kh8 16. Nxc4 Nd5 17. Ne5 Rf5 18. c4 Nb4 19. a3 Nd3 20. Nxd3 exd3 21. Qxd3 Qg5 22. f4 Qg4 23. e4 Rh5 24. Qf3 Qg6 25. d5 exd5 26. cxd5 Rf8 27. Rac1 Qh6 28. Rc7 Bc8 29. Rfc1 Ba6 30. Rxa7 Bb5 31. a4 Be8 32. Rc8 Qg6 33. Raa8 h6 34. f5 Qf7 35. Qe3 Rg5 36. Qxb6 Qh5 37. Qe3 Qd1+ 38. Qe1 Qd4+ 39. Bf2 Qe5 40. Bg3 Qxb2 41. Rxe8 Rxe8 42. Rxe8+ Kh7 43. d6 Qd4+ 44. Kh1 Qf6 45. d7 Rxg3 46. hxg3 Qg5 47. d8Q Qh5+ 48. Qh4 Qxe8 49. Qg4 Qxa4 50. Qg6+ Kh8 51. e5 Qd4 52. e6 Qf6 53. Qxf6 gxf6 54. e7 Kh7 55. e8Q Kg7 56. Q1e7# 1-0